Statistics for Famous But Unknown

Click here to take the quiz!

General Stats

  • This quiz has been taken 9 times
  • The average score is 3 of 16

Answer Stats

Answer% Correct
Rod Laver
67%
Evonne Goolagong
67%
Don Bradman
56%
Errol Flynn
44%
Margaret Court / Smith
44%
Charles Kingford-Smith
11%
Joan Sutherland
11%
Dawn Fraser
11%
Lionel Rose
11%
Saint Mary Mackillop
11%
Albert_Namatjira
0%
Nancy Wake
0%
Sir Douglas Mawson
0%
Dr. Barry Marshall
0%
Sir Howard Florey
0%
Sir Robert Menzies
0%

Score Distribution

Percentile by Number Answered

Percent of People with Each Score

Your Score History

You have not taken this quiz